Patterns in history : a Christian perspective on historical thought / (Record no. 11165)

MARC details
000 -LEADER
fixed length control field 01845cam a2200349 i 4500
001 - CONTROL NUMBER
control field 20632576
003 - CONTROL NUMBER IDENTIFIER
control field GBCCL
005 - DATE AND TIME OF LATEST TRANSACTION
control field 20260306124436.0
006 - FIXED-LENGTH DATA ELEMENTS--ADDITIONAL MATERIAL CHARACTERISTICS
fixed length control field m |o d |
007 - PHYSICAL DESCRIPTION FIXED FIELD--GENERAL INFORMATION
fixed length control field cr_|||||||||||
008 - FIXED-LENGTH DATA ELEMENTS--GENERAL INFORMATION
fixed length control field 180816s2018 txu ob 001 0 eng
020 ## - INTERNATIONAL STANDARD BOOK NUMBER
Canceled/invalid ISBN 9781481309516 (hardback: alk. paper)
020 ## - INTERNATIONAL STANDARD BOOK NUMBER
International Standard Book Number 9781481308694
035 ## - SYSTEM CONTROL NUMBER
System control number 20632576
040 ## - CATALOGING SOURCE
Original cataloging agency DLC
Language of cataloging eng
Description conventions rda
Transcribing agency DLC
Modifying agency DLC
082 00 - DEWEY DECIMAL CLASSIFICATION NUMBER
Classification number 901
Edition information 23
Item number BEB 1
100 1# - MAIN ENTRY--PERSONAL NAME
Personal name Bebbington, David,
Dates associated with a name 1949-
Relator term author.
245 10 - TITLE STATEMENT
Title Patterns in history : a Christian perspective on historical thought /
Statement of responsibility, etc. David W. Bebbington.
250 ## - EDITION STATEMENT
Edition statement Fourth edition.
264 #1 - PRODUCTION, PUBLICATION, DISTRIBUTION, MANUFACTURE, AND COPYRIGHT NOTICE
Place of production, publication, distribution, manufacture Waco, Texas :
Name of producer, publisher, distributor, manufacturer Baylor University Press,
Date of production, publication, distribution, manufacture, or copyright notice [2018]
300 ## - PHYSICAL DESCRIPTION
Extent 233P. ;
500 ## - GENERAL NOTE
General note Patterns in History was first published in 1979 by InterVarsity Press (Leicester, England), as Patterns in History: A Christian View. A revised edition entitled Patterns in History: A Christian Perspective on Historical Thought, with new preface and afterword, was first published in 1990 by Baker Book House (Grand Rapids, Michigan) and was reissued in 2000 by Regent College Publishing (Vancouver, Canada), an imprint of the Regent College Bookstore. This fourth edition was first published by Baylor University Press (Waco, Texas) in 2018 and includes a new preface and chapter.
504 ## - BIBLIOGRAPHY, ETC. NOTE
Bibliography, etc. note Includes bibliographical references and index.
588 ## - SOURCE OF DESCRIPTION NOTE
Source of description note Description based on print version record.
650 #0 - SUBJECT ADDED ENTRY--TOPICAL TERM
Topical term or geographic name entry element History
General subdivision Religious aspects
-- Christianity.
650 #0 - SUBJECT ADDED ENTRY--TOPICAL TERM
Topical term or geographic name entry element History
General subdivision Philosophy.
650 #0 - SUBJECT ADDED ENTRY--TOPICAL TERM
Topical term or geographic name entry element Historiography.
776 08 - ADDITIONAL PHYSICAL FORM ENTRY
Relationship information Print version:
Main entry heading Bebbington, David, 1949- author.
Title Patterns in history
Edition Fourth edition.
Place, publisher, and date of publication Waco, Texas : Baylor University Press, [2018]
International Standard Book Number 9781481309516
Record control number (DLC) 2018006528
906 ## - LOCAL DATA ELEMENT F, LDF (RLIN)
a 7
b cbc
c origcop
d 1
e ecip
f 20
g y-gencatlg
942 ## - ADDED ENTRY ELEMENTS (KOHA)
Source of classification or shelving scheme Dewey Decimal Classification
Koha item type Books
Suppress in OPAC No
Holdings
Withdrawn status Lost status Source of classification or shelving scheme Damaged status Not for loan Home library Current Library Shelving location Date acquired Total checkouts Full call number Barcode Date last seen Copy number Price effective from Koha item type
    Dewey Decimal Classification     GRACE BIBLE COLLEGE GRACE BIBLE COLLEGE Church History 2026-03-06   901 BEB 017477 2026-03-06 c.1 2026-03-06 Books
© Grace Bible College Library 2025